| 000 | 00865cam a2200217 4500 | ||
|---|---|---|---|
| 001 | ABS66576 | ||
| 008 | 030430n2003 000 0 eng u | ||
| 035 | _a(Sirsi) u122151 | ||
| 100 | _aHomer, S. | ||
| 245 | _aDon't get framed by the new agreements | ||
| 260 | _c2003 | ||
| 490 |
_aOn Site News _v120(1440) April 2003, 10(1) |
||
| 520 | _aLooks at increasing use of strategic partnering or framework agreements by government departments, water companies, local authorities and supermarkets. Gives an overview of the current situation, outlining its advantages which include continuity of work and providing an alternative to the traditional tender process. | ||
| 590 | _aABS | ||
| 650 | _aTENDERING | ||
| 650 | _aPARTNERING AGREEMENTS | ||
| 650 | _aSTRATEGIC PARTNERING | ||
| 650 | _aFRAMEWORK AGREEMENTS | ||
| 690 |
_aProcurement _96260 |
||
| 942 | _n0 | ||
| 999 |
_c72593 _d72593 |
||